The World Book Encyclopedia (I). (Record no. 2834)

MARC details
000 -LEADER
fixed length control field 00367nam a22001217a 4500
005 - DATE AND TIME OF LATEST TRANSACTION
control field 20200924143750.0
008 - FIXED-LENGTH DATA ELEMENTS--GENERAL INFORMATION
fixed length control field 200924b ||||| |||| 00| 0 eng d
020 ## - INTERNATIONAL STANDARD BOOK NUMBER
International Standard Book Number 0716600935
040 ## - CATALOGING SOURCE
Transcribing agency CML
245 ## - TITLE STATEMENT
Title The World Book Encyclopedia (I).
Statement of responsibility, etc. World Book, Inc
260 ## - PUBLICATION, DISTRIBUTION, ETC.
Place of publication, distribution, etc. Chicago
Name of publisher, distributor, etc. World Book, Inc
Date of publication, distribution, etc. 1993
942 ## - ADDED ENTRY ELEMENTS (KOHA)
Source of classification or shelving scheme Dewey Decimal Classification
Koha item type Books
Edition Vol.10
Classification part 030
Call number prefix GEN REF
Call number suffix WOR

No items available.

Powered by Koha